000 00548nam a2200193 i 4500
001 14287
003 ES-MaACL
005 20230906150751.0
007 t|
008 981202s1992 sp a |||| | spa d
020 _a84-7813-091-8
080 _a598.33(460)
245 0 0 _aAves limícolas
_b: anuario ornitológico 92. F.A.T.
260 _aMadrid :
_bMiraguano,
_c1992.
300 _a127 p. :
_bil. ;
_c20 cm.
650 1 4 _aAves acuáticas-
_zEspaña.
_910447
710 2 _aFederación de Amigos de la Tierra.
_94093
852 _aES-MaACL
_jL-21590
999 _c14287
_d14287